[Event "Challenge"]
[Site "http://www.queenalice.com/game.php?id=927395"]
[Date "2011.4.18"]
[Round "-"]
[White "reilucas"]
[Black "Rooky"]
[Result "0-1"]
[WhiteElo "1225"]
[BlackElo "1166"]

1. e4 Nf6 2. Nc3 d6 3. f3 g6 4. Bc4 Be6 5. Bxe6 fxe6 6. d4 Nc6 7. d5 exd5 8.
Nxd5 e6 9. Nxf6+ Qxf6 10. Nh3 Qh4+ 11. Nf2 h5 12. b3 Bg7 13. Rb1 Bc3+ 14. Bd2
Bd4 15. g3 Qf6 16. O-O Ne5 0-1

[Event "AUTO-OPEN-2336"]
[Site "http://www.queenalice.com/game.php?id=927755"]
[Date "2011.4.19"]
[Round "1"]
[White "Rooky"]
[Black "Josecarlos"]
[Result "0-1"]
[WhiteElo "1100"]
[BlackElo "1991"]

1. e4 e5 2. d3 Nf6 3. c3 c5 4. b4 Qb6 5. Nf3 cxb4 6. Nxe5 Nc6 7. Nc4 Qd8 8. e5
Nd5 9. a3 bxc3 10. Qb3 Na5 11. Nxc3 Nxb3 12. Bb2 Nxa1 13. Bxa1 Nxc3 14. Bxc3 d5
15. Nd2 Bxa3 16. Nb1 d4 17. Bd2 Qe7 18. f4 f6 19. g3 Bf5 20. Ke2 fxe5 21. Bg2
exf4+ 22. Be4 Bxe4 23. dxe4 Qxe4+ 0-1

[Event "AUTO-OPEN-2336"]
[Site "http://www.queenalice.com/game.php?id=927780"]
[Date "2011.4.19"]
[Round "1"]
[White "carito30236"]
[Black "Rooky"]
[Result "1-0"]
[WhiteElo "1653"]
[BlackElo "1100"]

1. c4 e5 2. e4 d6 3. h3 Be6 4. Nf3 Be7 5. d4 f6 6. d5 Bd7 7. a4 c5 8. Bd2 b6 9.
a5 f5 10. exf5 Bxf5 11. Qa4+ Kf8 12. g4 Bd7 13. Qb3 Nf6 14. axb6 a6 15. Ba5 e4
16. b7 Qe8 17. bxa8=Q Kf7 18. Ng5+ Kg6 19. h4 h6 20. Bc7 Ba4 21. Qxa4 Nfd7 22.
f3 hxg5 23. Bxb8 Qxb8 24. Qxb8 Rxb8 25. h5+ Kh7 26. Qxd7 Re8 27. h6 gxh6 28.
Qxe8 1-0

[Event "AUTO-OPEN-2336"]
[Site "http://www.queenalice.com/game.php?id=927781"]
[Date "2011.4.19"]
[Round "1"]
[White "Rooky"]
[Black "carito30236"]
[Result "0-1"]
[WhiteElo "1100"]
[BlackElo "1687"]

1. e4 e5 2. d3 h6 3. f3 Nc6 4. Nd2 b5 5. c4 Bb4 6. a3 Bxd2+ 7. Qxd2 Nd4 8. g3
Nf6 9. g4 bxc4 10. dxc4 O-O 11. Qb4 Nc2+ 12. Kf2 Nxb4 13. axb4 c6 14. c5 a5 15.
Bc4 Bb7 16. Bd2 axb4 17. Rb1 d5 18. Bb3 dxe4 19. Nh3 Qxd2+ 20. Kg3 exf3 21. Kxf3
Qd3+ 22. Kg2 Qe2+ 23. Nf2 Ne4 24. Bd1 Qxf2+ 25. Kh3 Ng5# 0-1

[Event "AUTO-OPEN-2336"]
[Site "http://www.queenalice.com/game.php?id=927796"]
[Date "2011.4.19"]
[Round "1"]
[White "rocha"]
[Black "Rooky"]
[Result "1-0"]
[WhiteElo "1540"]
[BlackElo "1159"]

1. e4 e5 2. a3 Nf6 3. f3 c5 4. c3 h5 5. h4 g6 6. Bd3 d6 7. Bc4 Be6 8. d3 Bh6 9.
Bxe6 fxe6 10. Bxh6 Rxh6 11. Qa4+ Nc6 12. Nd2 a5 13. Rb1 Qb6 14. Nc4 Qc7 15. Qb5
Ra6 16. a4 d5 17. Nd2 Nd7 18. Qb3 Rb6 19. Qa3 d4 20. Nc4 dxc3 21. Qxc3 Nd4 22.
Nxb6 Nxb6 23. Qxa5 Nc2+ 24. Kf2 Rh7 25. Qb5+ Nd7 26. Rc1 Nd4 27. Rxc5 Qd8 28.
Qxb7 Nf8 29. Qc8 Rd7 30. Qa6 Rc7 31. Rxe5 Rc2+ 32. Kg3 Rc6 33. Qa5 Qc7 34. Qd5
Rd6 35. Qc4 Nc6 36. Qb5 Nd7 37. Rc5 Qb6 38. Qxb6 Nxb6 39. a5 Nd7 40. Rb5 Ndb8
41. Ne2 Rxd3 42. Nf4 Nd4 43. Rxb8+ Kf7 44. Nxd3 1-0

[Event "AUTO-OPEN-2336"]
[Site "http://www.queenalice.com/game.php?id=927797"]
[Date "2011.4.19"]
[Round "1"]
[White "Rooky"]
[Black "rocha"]
[Result "0-1"]
[WhiteElo "1100"]
[BlackElo "1516"]

1. e4 e5 2. Nf3 d6 3. d3 f6 4. h3 h6 5. c3 Nc6 6. Be3 d5 7. a3 f5 8. exd5 Na5 9.
b4 Qxd5 10. bxa5 Qxa5 11. Bd2 b5 12. c4 Qb6 13. Be3 Qa5+ 14. Bd2 Qb6 15. Nxe5
Be6 16. Ng6 Rh7 17. Bc3 O-O-O 18. Ne5 bxc4 19. d4 Bd5 20. f3 g5 21. Qa4 Re7 22.
Kf2 Rxe5 23. Bxc4 Bc6 24. Ba6+ Kb8 25. Qc4 Bb5 26. Bxb5 Bc5 27. a4 Bxd4+ 28. Kg3
Bf2+ 29. Kh2 Rc5 30. Qb4 Qd6+ 31. g3 Qxg3# 0-1

[Event "Challenge"]
[Site "http://www.queenalice.com/game.php?id=939243"]
[Date "2011.5.17"]
[Round "-"]
[White "Rooky"]
[Black "Fabricov"]
[Result "0-1"]
[WhiteElo "1156"]
[BlackElo "1708"]

1. b3 e5 2. d3 d5 3. g3 Nc6 4. h4 Nf6 5. Bh3 Be6 6. Bb2 Bc5 7. Nf3 Bxh3 8. Rxh3
Qe7 9. Nc3 Rd8 10. Nb5 O-O 11. Qc1 Bxf2+ 12. Kf1 e4 13. Nfd4 Bxd4 14. Bxd4 Nxd4
15. Nxd4 Nh5 16. Kg1 f5 17. Qg5 Qe5 18. c3 c5 19. Nb5 a6 20. d4 cxd4 21. Qxh5
axb5 22. c4 dxc4 23. g4 d3 24. Rd1 dxe2 25. Re1 Rd1 26. Kf2 Rxe1 27. Kxe1 Qa1+
28. Kxe2 Qxa2+ 29. Kf1 fxg4+ 30. Kg1 Qf2+ 31. Kh1 Qf1+ 32. Kh2 Rf2+ 33. Kg3 Rg2#
0-1

[Event "Challenge"]
[Site "http://www.queenalice.com/game.php?id=939532"]
[Date "2011.5.18"]
[Round "-"]
[White "Rooky"]
[Black "Paulo1210"]
[Result "1-0"]
[WhiteElo "1100"]
[BlackElo "1053"]

1. b3 e6 2. d3 d5 3. h4 h5 4. d4 a5 5. e3 Nc6 6. Bb5 Bb4+ 7. c3 Bd6 8. Nf3 Bd7
9. a4 Na7 10. Bd3 Nf6 11. Ng5 e5 12. O-O e4 13. Be2 Bg4 14. f3 exf3 15. gxf3 Qd7
16. Na3 Nc6 17. Rf2 Bg3 18. Rg2 Bxh4 19. f4 Ne4 20. Bxg4 Nxc3 21. Qf3 hxg4 22.
Rxg4 Rh5 23. Bd2 Bxg5 24. Bxc3 Rh4 25. Rxg5 Ke7 26. Kg2 Rah8 27. Kf2 Rh2+ 28.
Rg2 R8h3 29. Qe2 Qf5 30. Ke1 Rh1+ 31. Kd2 Qe4 32. Rf1 Qh7 33. Nb5 R1h2 34. Rfg1
Qh5 35. e4 dxe4 36. Qxe4+ Kf8 37. d5 Rf3 38. Ke2 Rf2+ 39. Kxf2 Qh4+ 40. Kf1 Qh5
41. Bxg7+ Kg8 42. Bf6+ Kf8 43. Rg8# 1-0

[Event "Challenge"]
[Site "http://www.queenalice.com/game.php?id=940444"]
[Date "2011.5.20"]
[Round "-"]
[White "mapmjr"]
[Black "Rooky"]
[Result "0-1"]
[WhiteElo "1156"]
[BlackElo "1175"]

1. d4 h6 2. e4 a6 3. Nf3 e6 4. Bd3 c6 5. Bf4 Qa5+ 6. Bd2 Qc7 7. O-O Be7 8. Ne5
d6 9. Nc4 b5 10. Ba5 Qa7 11. Nb6 Nd7 12. Nxa8 Qxa8 13. f4 Qa7 14. f5 Qxd4+ 15.
Kh1 Qxb2 16. Nd2 Qa3 17. Bc3 Qxc3 18. Nb1 Qxa1 19. fxe6 fxe6 20. Qh5+ Kd8 21.
Qf7 Bf8 22. c4 Qf6 23. Rxf6 gxf6 24. Qxe6 Nc5 25. Qxd6+ Bxd6 26. Nc3 Nxd3 27.
Ne2 Bg4 28. Nd4 Ne7 0-1

[Event "AUTO-BEG-488"]
[Site "http://www.queenalice.com/game.php?id=947276"]
[Date "2011.6.8"]
[Round "1"]
[White "Rooky"]
[Black "Newton"]
[Result "0-1"]
[WhiteElo "1186"]
[BlackElo "1296"]

1. e3 e5 2. c3 d5 3. Qa4+ Nc6 4. a3 Nf6 5. Be2 Bd6 6. h3 Be6 7. Nf3 O-O 8. Qc2
h6 9. g4 e4 10. Nd4 Nxd4 11. cxd4 Rc8 12. Qc6 bxc6 13. O-O Nd7 14. b4 Qh4 0-1

[Event "AUTO-BEG-488"]
[Site "http://www.queenalice.com/game.php?id=947277"]
[Date "2011.6.8"]
[Round "1"]
[White "Newton"]
[Black "Rooky"]
[Result "0-1"]
[WhiteElo "1146"]
[BlackElo "1199"]

1. e4 c6 2. d4 b5 3. Nf3 d6 4. a3 g6 5. Be3 Bh6 6. Bxh6 Nxh6 7. Nbd2 Be6 8. Bd3
O-O 9. Ng5 Bg4 10. Ndf3 e6 11. Qd2 f6 12. Nxe6 Qe7 13. Nxf8 Qxf8 14. Qe3 Qc8 15.
Qxh6 Qf8 16. Qxf8+ Kxf8 17. Nd2 Be6 18. O-O Na6 19. f4 Bg4 20. d5 c5 0-1

[Event "AUTO-BEG-488"]
[Site "http://www.queenalice.com/game.php?id=947278"]
[Date "2011.6.8"]
[Round "1"]
[White "Rooky"]
[Black "lffac"]
[Result "0-1"]
[WhiteElo "1156"]
[BlackElo "1486"]

1. e3 e5 2. c3 d5 3. Nf3 e4 4. Nd4 c5 5. Bb5+ Bd7 6. h3 cxd4 7. Bxd7+ Qxd7 8. b4
d3 9. g3 Nf6 10. g4 h6 11. O-O a6 12. f4 b5 13. f5 Be7 14. Qe1 Qd6 15. Rf4 Nbd7
16. Qh4 d4 17. g5 Nd5 18. cxd4 Nxf4 19. exf4 Qxd4+ 20. Qf2 Qxa1 21. Qd4 Qxd4+
0-1

[Event "AUTO-BEG-488"]
[Site "http://www.queenalice.com/game.php?id=947279"]
[Date "2011.6.8"]
[Round "1"]
[White "lffac"]
[Black "Rooky"]
[Result "1-0"]
[WhiteElo "1530"]
[BlackElo "1196"]

1. e4 d6 2. d4 Qd7 3. Nc3 Nc6 4. Nf3 a6 5. h3 g6 6. b3 b5 7. Bb2 Bh6 8. Be2 Na5
9. O-O Nf6 10. Nd2 Bb7 11. Bf3 Qe6 12. Re1 c5 13. d5 Qe5 14. Rb1 Bf4 15. Ne2 Qg5
16. Nxf4 Qxf4 17. Bc1 b4 18. Nc4 Qh4 19. Nxa5 Rb8 20. Nxb7 Rxb7 21. Bb2 e5 22.
a3 O-O 23. Re3 a5 24. axb4 Rxb4 25. Ra1 Ra8 26. Bc3 Rb5 27. Be2 Rb6 28. Rxa5
Rab8 29. Be1 Rb4 30. f3 Qh6 31. Bxb4 Rxb4 32. Qd2 Rd4 33. Qc1 Nh5 34. c3 Ng3 35.
Ra1 Nxe2+ 36. Rxe2 Rd3 37. Qxh6 f6 38. Ra8+ Kf7 39. Qxh7# 1-0

[Event "Challenge"]
[Site "http://www.queenalice.com/game.php?id=956422"]
[Date "2011.7.3"]
[Round "-"]
[White "jbugg"]
[Black "Rooky"]
[Result "1-0"]
[WhiteElo "1341"]
[BlackElo "1207"]

1. e4 d6 2. Nc3 Bd7 3. Nf3 c6 4. Bc4 b5 5. Bb3 Na6 6. Ng5 Nf6 7. Nxf7 Bg4 8. f3
Qd7 9. Nxh8 Be6 10. Bxe6 Qxe6 11. a3 Qg8 12. f4 Qxh8 13. O-O g6 14. a4 b4 15.
Ne2 c5 16. d3 h5 17. c3 Rb8 18. c4 Bg7 19. h3 Nc7 20. b3 a5 21. Bb2 Nh7 22. d4
Bh6 23. Rf3 Nf8 24. Rg3 h4 25. Rd3 g5 26. Qd2 Qf6 27. Rf1 Qg7 28. dxc5 Qg6 29.
Qe3 Rd8 30. f5 Qf7 31. cxd6 exd6 32. Qb6 Bg7 33. Bc1 Bf6 34. Qxa5 Rb8 35. Rxd6
Rd8 36. c5 Nh7 37. Qxb4 Kf8 38. Qb6 Be5 39. Rxd8+ Ne8 40. Rfd1 Nf6 41. c6 Ke7
42. Qb7+ Nc7 43. Qb4+ Bd6 44. R1xd6 Nd7 45. R6xd7+ 1-0

[Event "Challenge"]
[Site "http://www.queenalice.com/game.php?id=958688"]
[Date "2011.7.9"]
[Round "-"]
[White "Rooky"]
[Black "gisa2010"]
[Result "1-0"]
[WhiteElo "1173"]
[BlackElo "1245"]

1. e3 e5 2. Nf3 Bd6 3. c3 Nf6 4. Nh4 Ne4 5. g3 b5 6. Bxb5 c5 7. d3 Ng5 8. Nf5
Bc7 9. Nxg7+ Ke7 10. e4 Rg8 11. Bxg5+ f6 12. Nf5+ Ke8 13. Qh5+ Kf8 14. Qh6+ Ke8
15. Bxf6 Rg6 16. Ng7+ Kf8 17. Ne6+ Kg8 18. Qh5 Rxf6 19. Qg5+ Kf7 20. Nxd8+ Bxd8
21. Bc4+ Ke7 22. Qg7+ Kd6 23. Na3 Nc6 24. Nb5# 1-0

[Event "Challenge"]
[Site "http://www.queenalice.com/game.php?id=959167"]
[Date "2011.7.11"]
[Round "-"]
[White "AngieB"]
[Black "Rooky"]
[Result "1-0"]
[WhiteElo "1265"]
[BlackElo "1192"]

1. Nc3 e6 2. e4 c6 3. b4 Bxb4 4. Be2 Qg5 5. Kf1 b6 6. Na4 b5 7. Nb2 h5 8. Nf3
Qe7 9. Rb1 d5 10. Nd3 Ba5 11. exd5 cxd5 12. Rxb5 Bc7 13. Bb2 Ba6 14. Rb4 Nc6 15.
Ra4 Bb5 16. Rf4 g5 17. Rb4 a6 18. Bxh8 f6 19. a4 Bc4 20. Rb7 Ba2 21. Qa1 Bc4 22.
Nc1 Qd8 23. Bxc4 Qc8 24. Rb3 Ba5 25. Bd3 Rb8 26. Bg6+ Kf8 27. g3 Nce7 28. Bd3 f5
29. Nxg5 Ke8 30. Qb1 Bxd2 31. Rxb8 Qxb8 32. Qxb8+ 1-0

[Event "Challenge"]
[Site "http://www.queenalice.com/game.php?id=960014"]
[Date "2011.7.13"]
[Round "-"]
[White "montelo"]
[Black "Rooky"]
[Result "1-0"]
[WhiteElo "2155"]
[BlackElo "1199"]

1. e4 e6 2. Qf3 f6 3. Qb3 c6 4. Bc4 Qe7 5. Qg3 b5 6. Be2 e5 7. Qh4 g6 8. b3 Bh6
9. Nc3 Bf4 10. Bb2 Bg5 11. Qg3 h5 12. h4 Bf4 13. Qxg6+ Qf7 14. Qxf7+ Kxf7 15.
Nh3 Bh6 16. Bxh5+ Kg7 17. f3 Bf4 18. g4 b4 19. Ne2 Nh6 20. Nhxf4 exf4 21. Nxf4
d6 22. g5 Nf7 23. Bxf6+ Kg8 24. Bxh8 Nxh8 25. Ng6 Kg7 26. Nxh8 Kxh8 27. g6 Nd7
28. f4 Nc5 29. d3 Bb7 30. f5 Kg7 31. Rf1 Rf8 32. O-O-O Bc8 33. Bg4 a5 34. h5 Rh8
35. f6+ Kh6 36. g7 Rg8 37. Bxc8 Kxh5 38. f7 Rxg7 39. f8=Q Rh7 40. Rh1+ Kg6 41.
Rdg1# 1-0

[Event "Challenge"]
[Site "http://www.queenalice.com/game.php?id=960015"]
[Date "2011.7.13"]
[Round "-"]
[White "Rooky"]
[Black "montelo"]
[Result "0-1"]
[WhiteElo "1199"]
[BlackElo "2153"]

1. e3 e5 2. Qg4 d6 3. Qa4+ Bd7 4. Qe4 c6 5. b3 Qf6 6. Qb4 b5 7. Be2 d5 8. Qa5 e4
9. Bb2 Qg6 10. g3 Be7 11. Qc7 Bf6 12. Qb7 Bxb2 13. Qxa8 Qd6 14. c3 Qc7 15. h3
Nf6 16. a4 Bxa1 17. d4 O-O 18. h4 Qa5 19. b4 Qxa4 20. Qb7 Qc2 21. Nd2 Bxc3 22.
Bd1 Qxd2+ 23. Kf1 Qxd1+ 24. Kg2 Be1 25. Nh3 Qf3+ 26. Kh2 Bxh3 27. Rxe1 Qg2# 0-1

[Event "Challenge"]
[Site "http://www.queenalice.com/game.php?id=965590"]
[Date "2011.7.27"]
[Round "-"]
[White "Rooky"]
[Black "gisa2010"]
[Result "1-0"]
[WhiteElo "1216"]
[BlackElo "1272"]

1. g3 b6 2. Bg2 Bb7 3. Bxb7 Nc6 4. Nh3 g6 5. O-O Nf6 6. e3 Bh6 7. b3 Rb8 8. Ba6
Nb4 9. Bb5 c6 10. Bd3 O-O 11. Ba3 Nbd5 12. c4 Nc7 13. Nc3 Ne6 14. Bb4 c5 15. Ba3
Ng5 16. Nf4 Nh3+ 17. Nxh3 e5 18. Be4 a6 19. d3 b5 20. Bxc5 d6 21. Ba3 b4 22.
Bxb4 Rxb4 23. a3 Rb6 24. Nd5 Rc6 25. Nc3 Rb6 26. Bd5 Ng4 27. Be6 fxe6 28. Qxg4
Rxb3 29. Qxe6+ Rf7 30. Nd5 Rxd3 31. Rfd1 Rb3 32. Rab1 Rxa3 33. Rb6 Ra4 34. Rxd6
Qb8 35. Ne7+ Kg7 36. Rd8 Qb2 37. Rg8# 1-0